Cines regionales en cruce : un panorama del cine argentino desde un abordaje descentralizado /

Bibliographic Details
Other Authors: Lusnich, Ana Laura (Editor), Cuarterolo, Andrea (Editor), Flores, Silvana (Editor)
Format: Electronic eBook
Language:Spanish
Published: Ciudad de Buenos Aires : Eudeba, [2023]
Edition:Primera edición.
Series:Lectores de EUDEBA.
Subjects:
Online Access:Digitalia Hispánica

MARC

LEADER 00000nam a2200000Ii 4500
001 DIGEUDE279
003 NyNyDIG
006 m o d
007 cr |||||||||||
008 230707s2023 ag a ob 000 0 spa d
035 |a (OCoLC)1390760511 
040 |a DGITA  |b eng  |e rda  |e pn  |c DGITA 
020 |a 9789502333199  |q edición digital (ePub) 
020 |z 9789502332772 
043 |a s-ag--- 
050 1 4 |a PN1993.5.A7 ebook 
082 0 4 |a 791.430982  |2 23 
245 0 0 |a Cines regionales en cruce :  |b un panorama del cine argentino desde un abordaje descentralizado /  |c compiladoras, Ana Laura Lusnich, Andrea Cuarterolo y Silvana Flores. 
250 |a Primera edición. 
264 1 |a Ciudad de Buenos Aires :  |b Eudeba,  |c [2023] 
300 |a 1 online resource :  |b illustrations. 
336 |a text  |b txt  |2 rdacontent 
337 |a computer  |b c  |2 rdamedia 
338 |a online resource  |b cr  |2 rdacarrier 
347 |a text file  |2 rdaft 
347 |b EPUB 
490 1 |a Lectores 
504 |a Includes bibliographical references. 
588 0 |a Online resource; title from ePub title page (Digitalia, viewed July 7, 2023) 
650 0 |a Motion pictures  |z Argentina. 
650 0 |a Motion picture industry  |z Argentina. 
700 1 |a Lusnich, Ana Laura,  |e editor. 
700 1 |a Cuarterolo, Andrea,  |e editor. 
700 1 |a Flores, Silvana,  |e editor. 
791 2 |a Digitalia (Firm),  |e distributor. 
793 0 |g Digitalia eBook Collection:  |a Eudeba 
776 0 8 |i Print version:  |t Cines regionales en cruce.  |b Primera edición.  |d Ciudad de Buenos Aires : Eudeba, [2023]  |z 9789502332772 
830 0 |a Lectores de EUDEBA. 
856 4 0 |3 Digitalia Hispánica  |u https://www.digitaliapublishing.com/a/128463/ 
910 |a Premium collection: 2023